[Event "Poznan op 26th"]
[Site "Poznan"]
[Date "2018.08.19"]
[Round "1"]
[White "Kaluzny, Stanislaw"]
[Black "Simon, Marek"]
[Result "0-1"]
[WhiteElo "1321"]
[BlackElo "1902"]
[PlyCount "62"]
[EventDate "2018.08.19"]
[EventType "swiss"]
[EventRounds "9"]
[EventCountry "POR"]
[SourceTitle "CBM 186 Extra"]
[Source "ChessBase"]
[SourceDate "2018.08.24"]
[SourceVersion "1"]
[SourceVersionDate "2018.08.24"]
[SourceQuality "1"]

1. e4 c6 2. Nc3 d5 3. Nf3 Bg4 4. Be2 Nf6 5. d3 e6 6. 0-0 c5 7. b3 Nc6 8. Bb2 d4 9. Nb1 e5 10. Nbd2 h5 11. h3 Nd7 12. Nh2 Bxe2 13. Qxe2 g5 14. Ndf3 Bd6 15. Bc1 f6 16. Bd2 Qe7 17. Rfe1 Qg7 18. Kh1 Ne7 19. Rg1 Ng6 20. Ne1 Ndf8 21. a3 Ne6 22. b4 cxb4 23. axb4 Nef4 24. Qd1 Qe7 25. b5 Bb4 26. f3 Bxd2 27. Qxd2 Qc5 28. Rb1 Kf7 29. Rb3 Rhc8 30. Qa5 Ne2 31. Qa2 Ng3# 0-1

[Event "Wroclaw Anderssen Memorial op"]
[Site "Wroclaw"]
[Date "2018.08.04"]
[Round "6"]
[White "Simon, Marek"]
[Black "Butkiewicz, Lukasz"]
[Result "0-1"]
[WhiteElo "1902"]
[BlackElo "2444"]
[PlyCount "70"]
[EventDate "2018.08.04"]
[EventType "swiss (rapid)"]
[EventRounds "13"]
[EventCountry "POL"]
[SourceTitle "CBM 185 Extra"]
[Source "ChessBase"]
[SourceDate "2018.07.29"]
[SourceVersion "1"]
[SourceVersionDate "2018.07.29"]
[SourceQuality "1"]

1. d4 Nf6 2. c4 c5 3. d5 e6 4. Nc3 exd5 5. cxd5 d6 6. e4 g6 7. Nf3 a6 8. a4 Bg4 9. Qb3 Bxf3 10. gxf3 Qc7 11. Bf4 Nbd7 12. Bh3 Nh5 13. Bg3 Bg7 14. Bg4 Nxg3 15. Bxd7+ Qxd7 16. fxg3 0-0 17. 0-0 Rab8 18. a5 Qc7 19. Na4 Qxa5 20. Nb6 Qd2 21. Rf2 Bd4 22. Raf1 Rfd8 23. Kg2 Bxf2 24. Rxf2 Qd4 25. h4 h5 26. Qc2 c4 27. g4 Qxb6 28. Qd2 Kh7 29. Qf4 Qc7 30. gxh5 Rg8 31. Kh1 Qd7 32. Rg2 gxh5 33. Rg5 Rxg5 34. Qxg5 Qh3+ 35. Kg1 Rg8 0-1

[Event "Wroclaw Anderssen Memorial op"]
[Site "Wroclaw"]
[Date "2018.08.04"]
[Round "4"]
[White "Simon, Marek"]
[Black "Reza, Wojciech"]
[Result "0-1"]
[WhiteElo "1902"]
[BlackElo "2303"]
[PlyCount "74"]
[EventDate "2018.08.04"]
[EventType "swiss (rapid)"]
[EventRounds "13"]
[EventCountry "POL"]
[SourceTitle "CBM 185 Extra"]
[Source "ChessBase"]
[SourceDate "2018.07.29"]
[SourceVersion "1"]
[SourceVersionDate "2018.07.29"]
[SourceQuality "1"]

1. d4 Nf6 2. c4 c5 3. d5 e6 4. Nc3 exd5 5. cxd5 d6 6. e4 g6 7. Nf3 Bg4 8. Qb3 Qc8 9. Nd2 a6 10. a4 Qc7 11. Nc4 Be7 12. Bh6 Rg8 13. Nb6 Ra7 14. h3 Bc8 15. Bf4 Nbd7 16. Nc4 Nh5 17. Bh2 f5 18. g4 Nhf6 19. exf5 gxf5 20. g5 Rxg5 21. 0-0-0 Ne4 22. Nxe4 fxe4 23. f3 b5 24. axb5 axb5 25. Nd2 c4 26. Qxb5 c3 27. Nc4 cxb2+ 28. Qxb2 Bf6 29. Qb4 Ra1+ 30. Kd2 Rxd5+ 31. Ke2 Raxd1 32. fxe4 R5d4 33. Ke3 Bg5+ 34. Bf4 Bxf4+ 35. Kxf4 Rxc4 36. Bxc4 Rxh1 37. Qc3 d5+ 0-1

[Event "Wroclaw op"]
[Site "Wroclaw"]
[Date "2018.07.30"]
[Round "1"]
[White "Jagodzinski, Piotr"]
[Black "Simon, Marek"]
[Result "1/2-1/2"]
[WhiteElo "2226"]
[BlackElo "1902"]
[PlyCount "111"]
[EventDate "2018.07.30"]
[EventType "swiss"]
[EventRounds "9"]
[EventCountry "POL"]
[SourceTitle "CBM 185 Extra"]
[Source "ChessBase"]
[SourceDate "2018.07.29"]
[SourceVersion "1"]
[SourceVersionDate "2018.07.29"]
[SourceQuality "1"]

1. e4 c6 2. d4 d5 3. Nc3 dxe4 4. Nxe4 Bf5 5. Ng3 Bg6 6. Nf3 Nd7 7. h4 h6 8. h5 Bh7 9. Bd3 Bxd3 10. Qxd3 e6 11. Bd2 Qc7 12. 0-0-0 Ngf6 13. Kb1 0-0-0 14. c4 c5 15. Qe2 cxd4 16. Nxd4 Qe5 17. Be3 Ne4 18. Qf3 Nxg3 19. fxg3 Qf6 20. Nc6 Qxf3 21. Nxa7+ Kb8 22. gxf3 Bc5 23. Bxc5 Nxc5 24. Nb5 Nd3 25. Kc2 Ne5 26. Nd6 Rd7 27. Rhf1 Rhd8 28. c5 b6 29. Rfe1 Nc6 30. a3 bxc5 31. Nb5 Rd5 32. g4 c4 33. Rxd5 Rxd5 34. a4 Rd3 35. Re4 Nb4+ 36. Kc1 Rxf3 37. Rxc4 Rf1+ 38. Kd2 Rf2+ 39. Kc3 Nd5+ 40. Kb3 Rf4 41. Rxf4 Nxf4 42. Nd6 f5 43. gxf5 exf5 44. Nxf5 Nxh5 45. Kc4 Kc7 46. b4 Nf4 47. Nxg7 h5 48. Nf5 Ng6 49. a5 h4 50. b5 h3 51. b6+ Kb8 52. a6 h2 53. Ng3 Nf8 54. Kb5 Nd7 55. b7 Ka7 56. Kc6 1/2-1/2

[Event "West Wales op"]
[Site "Swansea"]
[Date "2016.11.27"]
[Round "4"]
[White "Simon, Marek"]
[Black "Hewitt, William"]
[Result "1/2-1/2"]
[WhiteElo "1846"]
[BlackElo "2042"]
[PlyCount "48"]
[EventDate "2016.11.25"]
[EventType "swiss"]
[EventRounds "5"]
[EventCountry "WLS"]
[SourceTitle "EXT 2019"]
[Source "ChessBase"]
[SourceDate "2018.10.10"]
[SourceVersion "1"]
[SourceVersionDate "2018.10.10"]
[SourceQuality "1"]

1. d4 Nf6 2. c4 g6 3. Nc3 d5 4. Qb3 dxc4 5. Qxc4 Bg7 6. e4 0-0 7. Nf3 a6 8. Bf4 b5 9. Qxc7 Qxc7 10. Bxc7 Bb7 11. e5 Nd5 12. Nxd5 Bxd5 13. Be2 Rc8 14. Ba5 Nc6 15. Bd2 f6 16. b3 fxe5 17. dxe5 Nxe5 18. Rc1 Rxc1+ 19. Bxc1 Rc8 20. Kd1 Rd8 21. Ke1 Rc8 22. Kd1 Be4 23. Nxe5 Bxe5 24. Bf3 Bb1 1/2-1/2

[Event "Poznan op 24th"]
[Site "Poznan"]
[Date "2016.08.13"]
[Round "7"]
[White "Chmiel, Marcin"]
[Black "Simon, Marek"]
[Result "1-0"]
[WhiteElo "2194"]
[BlackElo "1834"]
[PlyCount "101"]
[EventDate "2016.08.08"]
[EventType "swiss"]
[EventRounds "9"]
[EventCountry "POL"]
[SourceTitle "CBM 173 Extra"]
[Source "ChessBase"]
[SourceDate "2016.08.29"]
[SourceVersion "1"]
[SourceVersionDate "2016.08.29"]
[SourceQuality "1"]

1. e4 c6 2. d4 d5 3. Nd2 dxe4 4. Nxe4 Bf5 5. Ng3 Bg6 6. h4 h6 7. f4 e6 8. Nf3 Nd7 9. h5 Bh7 10. Bd3 Bxd3 11. Qxd3 Qc7 12. Bd2 Ngf6 13. 0-0-0 c5 14. Ne5 cxd4 15. Qxd4 Bc5 16. Qc4 0-0 17. Nxd7 Nxd7 18. Ne4 Rac8 19. Nxc5 Qxc5 20. Qxc5 Nxc5 21. Be3 b6 22. Rd4 Rfd8 23. Rxd8+ Rxd8 24. Bxc5 bxc5 25. Rd1 Rxd1+ 26. Kxd1 Kf8 27. Kd2 Ke7 28. Kd3 Kd6 29. c3 Kd5 30. b4 cxb4 31. cxb4 f6 32. g3 e5 33. fxe5 fxe5 34. a3 e4+ 35. Ke3 Kc4 36. Kxe4 Kb3 37. Kd4 Kxa3 38. Kc3 Ka4 39. Kc4 a6 40. g4 Ka3 41. Kc3 Ka4 42. Kc4 Ka3 43. b5 axb5+ 44. Kxb5 Kb3 45. Kc5 Kc3 46. Kd5 Kd3 47. Ke6 Ke4 48. Kf7 Kf4 49. Kxg7 Kg5 50. Kh7 Kf6 51. Kxh6 1-0

[Event "Poznan op 24th"]
[Site "Poznan"]
[Date "2016.08.12"]
[Round "5"]
[White "Bednarska, Malgorzata"]
[Black "Simon, Marek"]
[Result "1-0"]
[WhiteElo "2037"]
[BlackElo "1834"]
[PlyCount "91"]
[EventDate "2016.08.08"]
[EventType "swiss"]
[EventRounds "9"]
[EventCountry "POL"]
[SourceTitle "CBM 173 Extra"]
[Source "ChessBase"]
[SourceDate "2016.08.29"]
[SourceVersion "1"]
[SourceVersionDate "2016.08.29"]
[SourceQuality "1"]

1. e4 c6 2. d4 d5 3. exd5 cxd5 4. c4 Nf6 5. Nc3 Nc6 6. Bg5 Qa5 7. Qd2 Be6 8. Bxf6 exf6 9. c5 g6 10. Bb5 Bg7 11. Nge2 0-0 12. Bxc6 bxc6 13. 0-0 f5 14. a3 Qd8 15. b4 a6 16. a4 Qd7 17. Rab1 Rfb8 18. Rb2 h6 19. Qd3 g5 20. f4 Qd8 21. Ng3 g4 22. Rd1 Qd7 23. Rdb1 Qc7 24. Nge2 Qc8 25. b5 axb5 26. axb5 cxb5 27. Rxb5 Rxb5 28. Rxb5 Ra1+ 29. Rb1 Qa8 30. Kf2 Rxb1 31. Qxb1 Qa5 32. Qb3 Kh7 33. Ke3 Qa1 34. Nb1 Qa6 35. Qa3 Qc4 36. Nd2 Qc2 37. Qb3 Qxb3+ 38. Nxb3 Kg8 39. Nc3 Kf8 40. Na5 Ke7 41. Nc6+ Kd7 42. Nb4 h5 43. Ncxd5 h4 44. Nb6+ Kc7 45. d5 Bc8 46. d6+ 1-0